Ánh nắng và màu trăng Tản văn và thơ Trung Quốc
Tuyển chọn những bài tản văn đặc sắc và mang ý ngiã nhân sinh của nhiều tác giả nổi tiếng như: Ba Kim, Lỗ Tấn, Lão Xá, Mao Thuẫn...Và giới thiệu một số bài thơ của các tác giả khác.
Đã lưu trong:
| Hovedforfatter: | |
|---|---|
| Andre forfattere: | |
| Format: | Bog |
| Sprog: | Undetermined |
| Udgivet: |
H.
Văn học
2014
|
| Fag: | |
| Online adgang: | http://lrc.tdmu.edu.vn/opac/search/detail.asp?aID=2&ID=20227 |
| Tags: |
Tilføj Tag
Ingen Tags, Vær først til at tagge denne postø!
|
| Thư viện lưu trữ: | Trung tâm Học liệu Trường Đại học Thủ Dầu Một |
|---|
| LEADER | 01019nam a2200229Ia 4500 | ||
|---|---|---|---|
| 001 | TDMU_20227 | ||
| 008 | 210410s9999 xx 000 0 und d | ||
| 082 | |a 895.18 | ||
| 090 | |b A107 | ||
| 100 | |a Nhiều tác giả | ||
| 245 | 0 | |a Ánh nắng và màu trăng | |
| 245 | 0 | |b Tản văn và thơ Trung Quốc | |
| 245 | 0 | |c Nhiều tác giả; Ngọc Ánh biên dịch | |
| 260 | |a H. | ||
| 260 | |b Văn học | ||
| 260 | |c 2014 | ||
| 300 | |a 359tr. | ||
| 520 | |a Tuyển chọn những bài tản văn đặc sắc và mang ý ngiã nhân sinh của nhiều tác giả nổi tiếng như: Ba Kim, Lỗ Tấn, Lão Xá, Mao Thuẫn...Và giới thiệu một số bài thơ của các tác giả khác. | ||
| 650 | |a Văn học Trung Quốc |v Tản văn; Thơ Trung Quốc | ||
| 700 | |a Ngọc Ánh | ||
| 856 | |u http://lrc.tdmu.edu.vn/opac/search/detail.asp?aID=2&ID=20227 | ||
| 980 | |a Trung tâm Học liệu Trường Đại học Thủ Dầu Một | ||